000 01828nam a2200493Ii 4500
001 DIGSEGISMD0010
003 NyNyDIG
007 cr |||||||||||
008 180306s2017 cl o 000 0 spa d
006 m o d
035 _a(OCoLC)1027979524
040 _aDGITA
_beng
_erda
_epn
_cDGITA
020 _a9789569544422
_q(eBook)
020 _a9569544422
_q(eBook)
020 _z9789569544415
020 _z9569544414
050 1 4 _aPQ8098.428.O88 ebook
082 0 4 _a863.7
100 1 _aRosselot, Armando,
_d1967-
_eauthor.
240 1 0 _aTe llamarás Konnalef
245 1 0 _aToki :
_b(te llamarás Konnlef) /
_cArmando Rosselot.
250 _aSegunda edición (versión corregida y aumentada)
264 1 _a[Santiago, Chile] :
_bEditorial Segismundo,
_c[2017]
300 _a1 online resource.
336 _atext
_btxt
_2rdacontent
337 _acomputer
_bc
_2rdamedia
338 _aonline resource
_bcr
_2rdacarrier
490 1 _aEl mundo inverso ;
_v1
490 1 _aColección Novelistos al sur del mundo
588 0 _aOnline resource; title from ePub title page (Digitalia, viewed March 10, 2018)
650 0 _aHeroes
_vFiction.
650 0 _aMapuche Indians
_vFiction.
655 7 _aFantasy fiction.
_2lcgft
655 7 _aAction and adventure fiction.
_2lcgft
655 0 _aElectronic books.
791 2 _aDigitalia (Firm),
_edistributor.
793 0 _gDigitalia eBook Collection:
_aEditorial Segismundo
776 0 8 _iPrint version:
_aRosselot, Armando, 1967-
_tToki.
_dSantiago de Chile : Editorial Segismundo, ©2016
_z9789569544415
800 1 _aRosselot, Armando,
_d1967-
_tMundo inverso ;
_v1.
830 0 _aColección Novelistos al sur del mundo.
856 4 0 _3Digitalia Hispánica
_uhttps://www.digitaliapublishing.com/a/50472/
910 _aPremium collection: 2018
942 _cRAA
999 _c251725
_d251725